000 00789nam a22002771 4500
001 bimo0001140615
003 OSt
005 20130429160110.0
008 930725s1975 sp spa
020 _a84-239-0252-8
035 _a(OCoLC)432592461
040 _aSpMaBN
_cBMC
082 _a920
100 1 0 _a Mañach, Jorge
_d1898-1961
_9182
245 1 0 _aMartí, el apóstol
_cJorge Mañach
250 _a6ª ed
260 0 _aMadrid
_bEspasa-Calpe
_c1975
300 _a248 p.
_c18 cm
490 _aAustral
_v252
700 _9202
_aMartí, José
_d1853-1895
942 _2ddc
_cBK
956 _a1 2
980 _aM 14694-1975
_a84-239-0252-8
_aM-BN
_bBNALCALA
_jAHM/587205
_cSALA_ALC
980 _aM-BN
_bBNALCALA
_jDL/38301
_cCONSERVACI
980 _aM-BN
_bBNMADRID
_jHA/50550
_cSG_RECOLET
999 _c172
_d172